Contabilidad superior simplificada / (Record no. 144613)

MARC details
000 -LEADER
campo de control de longitud fija 00628nam a2200193 4500
001 - NÚMERO DE CONTROL
campo de control 144613
003 - IDENTIFICADOR DE NÚMERO DE CONTROL
campo de control ES-MaACL
005 - FECHA Y HORA DE LA ÚLTIMA TRANSACCIÓN
campo de control 20230906201046.0
007 - CAMPO FIJO DE DESCRIPCIÓN FÍSICA--INFORMACIÓN GENERAL
campo de control de longitud fija t|
008 - DATOS DE LONGITUD FIJA--INFORMACIÓN GENERAL
campo de control de longitud fija 070214s1970 mx r ||||1| spa d
100 1# - ENTRADA PRINCIPAL--NOMBRE DE PERSONA
Nombre de persona Simini, Joseph Peter.
9 (RLIN) 106473
245 10 - MENCIÓN DEL TÍTULO
Título Contabilidad superior simplificada /
Mención de responsabilidad, etc. Joseph Peter Simini ; traducción de María Teresa Zepeda de M.
250 ## - MENCION DE EDICION
Mención de edición 1ª. ed.
260 ## - PUBLICACIÓN, DISTRIBUCIÓN, ETC.
Lugar de publicación, distribución, etc. México :
Nombre del editor, distribuidor, etc. Compañía General de Ediciones,
Fecha de publicación, distribución, etc. 1970.
300 ## - DESCRIPCIÓN FÍSICA
Extensión 194 p. :
Otras características físicas il. ;
Dimensiones 27 cm.
650 04 - PUNTO DE ACCESO ADICIONAL DE MATERIA--TÉRMINO DE MATERIA
Término de materia o nombre geográfico como elemento de entrada Contabilidad.
9 (RLIN) 11307
700 1# - ENTRADA AGREGADA--NOMBRE PERSONAL
Nombre de persona Zepeda de M., María Teresa.
9 (RLIN) 118192
852 ## - LOCALIZACIÓN
Ubicación ES-MaACL
Número de control de estantería E-9189
Sublocalización o colección R.93800
Holdings
Estatus retirado Estado de pérdida Estado de daño No para préstamo Biblioteca de origen Biblioteca actual Ubicación en estantería Fecha de adquisición Fuente de adquisición Total de préstamos Signatura topográfica completa Código de barras Visto por última vez Precio de reemplazo Tipo de ítem Koha
        Biblioteca del Ateneo de Madrid Biblioteca del Ateneo de Madrid Depósito 2 17/01/2008     E-9189 1150634 23/02/2023 23/02/2023 Libro impreso